| 000 | nam a22 a 4500 | ||
|---|---|---|---|
| 999 |
_c1771 _d1771 |
||
| 003 | AKMAL | ||
| 005 | 20170511155228.0 | ||
| 008 | 170511s2000 my 00 may d | ||
| 020 |
_a9676109843 (kkt. ): _cRM16.50 |
||
| 040 | _aAKMAL | ||
| 082 | 0 | 4 | _a338.9595 ABD |
| 090 | 0 | 0 |
_a338.9595 _bABD |
| 100 | 0 |
_aAbdul Rahim Abdul Rashid _93663 |
|
| 245 | 1 | 0 |
_aWawasan pembangunan : _bisu dan cabaran / _cAbd. Rahim Abd. Rashid |
| 260 |
_aKuala Lumpur : _bUtusan Publications & Distributors, _c2000 |
||
| 300 | 0 | 0 |
_a[iii], 174ms. ; _c21cm |
| 650 | 0 |
_aEconomic development projects _zMalaysia _91337 |
|
| 650 | 0 |
_aEconomic forecasting _zMalaysia _982 |
|
| 650 | 0 |
_aSocial prediction _zMalaysia _9470 |
|
| 651 | 0 |
_aMalaysia _xEconomic conditions _963 |
|
| 651 | 0 |
_aMalaysia _xSocial conditions _945 |
|
| 942 |
_2ddc _cBOOK |
||